| 000 | 00777nam a2200193 a 4500 | ||
|---|---|---|---|
| 008 | 110915s1994 ||||||||||||||||| || u | ||
| 020 | _a0801663849 | ||
| 050 | _aRC 48 Pro | ||
| 100 | _aPfenninger, John. L | ||
| 245 | 1 | 0 |
_aProcedures for primary care physicians _cedited by John L. Pfenninger and Grant C. Fowler; illustrated by Theodore G. Huff and Associates |
| 260 |
_aSt. Louis, Missouri _bMosby _c1994 |
||
| 300 | _axxx, 1170p.: ill. | ||
| 350 | _a0.00 | ||
| 650 | _aPRIMARY CARE (MEDICINE) | ||
| 650 | _aSURGERY, MINOR | ||
| 650 | _aMEDICINE | ||
| 700 | _aFowler, Grant. C | ||
| 995 |
_aMEDICAL LIBRARY OPEN ACCESS _D0.00 _e901076 _FCBU-SCHOOL OF MEDICINE LIBRARY (Ndola) _H1 _I0.00 _jRC 48 Pro _M1 _UAVAILABLE _WOct 21, 2011 _y901076 _ZMedical Library Open Access Collection |
||
| 999 |
_c32520 _d32520 |
||